| 000 | 00339nam a22001457a 4500 | ||
|---|---|---|---|
| 003 | OSt | ||
| 005 | 20211223085929.0 | ||
| 008 | 211223b |||||||| |||| 00| 0 eng d | ||
| 020 | _a9090025456 | ||
| 040 | _cHU | ||
| 082 | _a004.36BRI1988 | ||
| 100 |
_aBrinksma _924450 |
||
| 245 | _aOn The Design Of Extended Lotos | ||
| 942 |
_2ddc _cBOOKS _n0 |
||
| 999 |
_c23572 _d23572 |
||